[Event "Schleswig Holstein-ch Seniors op 9th"]
[Site "Buesum"]
[Date "2015.10.04"]
[Round "6"]
[White "Klages, Hans Juergen"]
[Black "Krotofil, Kurt"]
[Result "0-1"]
[WhiteElo "2121"]
[BlackElo "1986"]
[PlyCount "38"]
[EventDate "2015.09.28"]
[EventType "swiss"]
[EventRounds "9"]
[EventCountry "GER"]
[SourceTitle "EXT 2018"]
[Source "ChessBase"]
[SourceDate "2017.10.13"]
[SourceVersion "1"]
[SourceVersionDate "2017.10.13"]
[SourceQuality "1"]

1. d4 Nf6 2. c4 c5 3. Nf3 cxd4 4. Nxd4 g6 5. Nc3 Bg7 6. e4 d6 7. Be2 0-0 8. 0-0 Nc6 9. Nb3 b6 10. f4 Bb7 11. Bf3 Rc8 12. Qe2 Nd7 13. Nd5 Nd4 14. Nxd4 Bxd4+ 15. Be3 Bxd5 16. cxd5 Bxe3+ 17. Qxe3 Rc2 18. Rac1 Qc7 19. Qd2 Qc5+ 0-1

[Event "GER-chA Seniors 26th"]
[Site "Bad Neuenahr"]
[Date "2014.08.11"]
[Round "7"]
[White "Klages, Hans Juergen"]
[Black "Schoeler, Gerhard1111"]
[Result "1-0"]
[WhiteElo "2177"]
[BlackElo "1885"]
[PlyCount "57"]
[EventDate "2014.08.05"]
[EventType "swiss"]
[EventRounds "9"]
[EventCountry "GER"]
[SourceTitle "EXT 2018"]
[Source "ChessBase"]
[SourceDate "2017.10.13"]
[SourceVersion "1"]
[SourceVersionDate "2017.10.13"]
[SourceQuality "1"]

1. e4 c5 2. Nf3 d6 3. d4 cxd4 4. Nxd4 Nf6 5. Nc3 a6 6. a4 Bd7 7. Bc4 Nc6 8. 0-0 e6 9. Nxc6 Bxc6 10. Qe2 Qc7 11. f4 Be7 12. f5 e5 13. Kh1 Rc8 14. Bb3 h5 15. Bg5 Ng4 16. Bd2 b6 17. Qxa6 0-0 18. Qe2 Qb7 19. h3 Nf6 20. Bg5 Nh7 21. Bxe7 Qxe7 22. Qxh5 Nf6 23. Qe2 Qb7 24. Rfe1 Kh7 25. Rad1 Rcd8 26. Nd5 Bxd5 27. Bxd5 Qc7 28. Rd3 Rh8 29. Rc3 1-0

[Event "GER-chA Seniors 26th"]
[Site "Bad Neuenahr"]
[Date "2014.08.09"]
[Round "5"]
[White "Klages, Hans Juergen"]
[Black "Klein, Gernot"]
[Result "0-1"]
[WhiteElo "2177"]
[BlackElo "1926"]
[PlyCount "52"]
[EventDate "2014.08.05"]
[EventType "swiss"]
[EventRounds "9"]
[EventCountry "GER"]
[SourceTitle "EXT 2018"]
[Source "ChessBase"]
[SourceDate "2017.10.13"]
[SourceVersion "1"]
[SourceVersionDate "2017.10.13"]
[SourceQuality "1"]

1. Nc3 d5 2. d4 Bf5 3. e4 dxe4 4. Nge2 Nf6 5. Ng3 e6 6. Nxf5 exf5 7. Bc4 Be7 8. h3 Qd7 9. Be3 Nc6 10. d5 Ne5 11. Qd4 Nxc4 12. Qxc4 a6 13. a4 0-0 14. Rd1 Bd6 15. Bd4 Qe7 16. g3 Rfe8 17. Kd2 Nd7 18. Kc1 Ne5 19. Qe2 Nf3 20. Qe3 b5 21. a5 Nxd4 22. Qxd4 Bc5 23. Qd2 e3 24. Qd3 exf2 25. Qxf5 Qe5 26. Qxe5 Rxe5 0-1

[Event "MVP-ch Seniors op 12th"]
[Site "Binz"]
[Date "2012.12.02"]
[Round "5"]
[White "Klages, Hans Juergen"]
[Black "Weidlich, Guenter"]
[Result "0-1"]
[WhiteElo "2040"]
[BlackElo "2144"]
[PlyCount "92"]
[EventDate "2012.11.28"]
[EventType "swiss"]
[EventRounds "9"]
[EventCountry "GER"]
[SourceTitle "EXT 2014"]
[Source "ChessBase"]
[SourceDate "2013.11.20"]
[SourceVersion "1"]
[SourceVersionDate "2013.11.20"]
[SourceQuality "1"]

1. d4 g6 2. e4 Bg7 3. Nf3 c6 4. c4 d6 5. Nc3 Nd7 6. Be2 e5 7. 0-0 Ngf6 8. dxe5 dxe5 9. Qd6 Qe7 10. Qxe7+ Kxe7 11. b3 Kd8 12. Ba3 Bf8 13. Bb2 Bd6 14. Rad1 Bc7 15. c5 Ke7 16. b4 Nh5 17. Bc4 f6 18. Ne1 Rd8 19. Bc1 Nf8 20. Rxd8 Bxd8 21. Be2 Nf4 22. Bxf4 exf4 23. Nd3 Bc7 24. b5 g5 25. g3 Ng6 26. bxc6 bxc6 27. Nb4 Bd7 28. Rd1 Be5 29. Rc1 g4 30. Bc4 f3 31. Ba6 Rb8 32. a3 Nf8 33. Nb1 Ne6 34. Nd2 Nd4 35. Kf1 Nb5 36. Bxb5 Rxb5 37. Nd3 Bc7 38. Rb1 f5 39. Rxb5 cxb5 40. Nb4 Be5 41. exf5 Bb2 42. Nd5+ Kf7 43. Ne3 Bxa3 44. Ne4 h5 45. Nc2 b4 46. Nd4 Bb2 0-1

[Event "MVP-ch Seniors op 11th"]
[Site "Binz"]
[Date "2011.11.30"]
[Round "1.18"]
[White "Worm, Alfred"]
[Black "Klages, Hans Juergen"]
[Result "0-1"]
[WhiteElo "1694"]
[BlackElo "2053"]
[PlyCount "94"]
[EventDate "2011.11.30"]
[EventType "swiss"]
[EventRounds "9"]
[EventCountry "GER"]
[SourceTitle "EXT 2013"]
[Source "ChessBase"]
[SourceDate "2012.11.22"]
[SourceVersion "1"]
[SourceVersionDate "2012.11.22"]
[SourceQuality "1"]

1. e4 c5 2. Nf3 b6 3. d4 Bb7 4. Nc3 cxd4 5. Nxd4 Nf6 6. Bd3 g6 7. 0-0 Bg7 8. Be3 0-0 9. f4 d5 10. e5 Ne4 11. Nce2 Nc5 12. Nf3 Nxd3 13. cxd3 Nc6 14. Rc1 Qd7 15. Qd2 Rfc8 16. Nfd4 Nxd4 17. Nxd4 e6 18. g4 Rxc1 19. Rxc1 Rc8 20. g5 Bf8 21. a3 Rxc1+ 22. Qxc1 a5 23. Qc3 Ba6 24. Kf2 Qa4 25. Ke2 Bc5 26. Qb3 Qd7 27. Qc3 a4 28. h4 h6 29. Qc1 hxg5 30. hxg5 Kf8 31. Qh1 Kg8 32. Qg1 Qc8 33. Qc1 Kg7 34. Qc2 Qh8 35. Qxa4 Qh2+ 36. Bf2 Bxd3+ 37. Kxd3 Qxf2 38. Nxe6+ fxe6 39. Qd7+ Kf8 40. Qc8+ Kf7 41. Qb7+ Be7 42. Kc3 Qe3+ 43. Kc2 d4 44. Qh1 d3+ 45. Kb1 d2 46. Qh7+ Ke8 47. Qxg6+ Kd7 0-1

[Event "Mecklenburg VP-ch Seniors op 09th"]
[Site "Binz"]
[Date "2009.12.06"]
[Round "6.5"]
[White "Klages, Hans Juergen"]
[Black "Weidlich, Guenter"]
[Result "1/2-1/2"]
[WhiteElo "2027"]
[BlackElo "2094"]
[PlyCount "61"]
[EventDate "2009.12.01"]
[EventType "swiss"]
[EventRounds "9"]
[EventCountry "GER"]
[SourceTitle "EXT 2022"]
[Source "ChessBase"]
[SourceDate "2021.10.06"]
[SourceVersion "1"]
[SourceVersionDate "2021.10.06"]
[SourceQuality "1"]

1. d4 g6 2. e4 Bg7 3. Nf3 d6 4. Bc4 Nc6 5. 0-0 Bd7 6. Nc3 e5 7. Bg5 Nf6 8. dxe5 Nxe5 9. Nxe5 dxe5 10. Qe2 h6 11. Bh4 g5 12. Bg3 Qe7 13. f3 c6 14. Bf2 0-0 15. Nd1 Ne8 16. Ne3 Nd6 17. Bb3 Kh8 18. g4 Rfd8 19. Rad1 Be6 20. Kg2 Bf6 21. Rd2 Nb5 22. c3 Rxd2 23. Qxd2 Rd8 24. Qe2 Rd7 25. Rd1 Nc7 26. Nc4 b6 27. Bg3 Rxd1 28. Qxd1 Bxc4 29. Bxc4 Ne6 30. Bxe6 Qxe6 31. b3 1/2-1/2

[Event "Merano Gold Cup 35th"]
[Site "Merano"]
[Date "2007.04.21"]
[Round "2"]
[White "Siegmund, Rainer"]
[Black "Klages, Hans Juergen"]
[Result "1-0"]
[WhiteElo "2218"]
[BlackElo "2051"]
[PlyCount "61"]
[EventDate "2007.04.20"]
[EventType "swiss"]
[EventRounds "9"]
[EventCountry "ITA"]
[SourceTitle "EXT 2008"]
[Source "ChessBase"]
[SourceDate "2007.11.25"]
[SourceVersion "1"]
[SourceVersionDate "2007.11.25"]
[SourceQuality "1"]

1. d4 c5 2. d5 Nf6 3. c4 g6 4. Nc3 Bg7 5. e4 d6 6. f4 0-0 7. Nf3 e6 8. Be2 exd5 9. cxd5 Re8 10. e5 dxe5 11. fxe5 Ng4 12. Bg5 f6 13. exf6 Bxf6 14. Qd2 Bxg5 15. Qxg5 Qxg5 16. Nxg5 Ne3 17. Kf2 Bf5 18. Bf3 Nd7 19. Ne6 Nc2 20. Rad1 Bxe6 21. dxe6 Nf6 22. Nd5 Nxd5 23. Rxd5 Rxe6 24. Rd2 Nb4 25. a3 Rb6 26. axb4 Rxb4 27. Re1 Kf8 28. Re5 Rc8 29. Rd7 Rxb2+ 30. Kg3 c4 31. Bd5 1-0

[Event "Merano Gold Cup 35th"]
[Site "Merano"]
[Date "2007.04.20"]
[Round "1"]
[White "Klages, Hans Juergen"]
[Black "Otto, Matthias"]
[Result "1-0"]
[WhiteElo "2051"]
[BlackElo "1745"]
[PlyCount "59"]
[EventDate "2007.04.20"]
[EventType "swiss"]
[EventRounds "9"]
[EventCountry "ITA"]
[SourceTitle "EXT 2008"]
[Source "ChessBase"]
[SourceDate "2007.11.25"]
[SourceVersion "1"]
[SourceVersionDate "2007.11.25"]
[SourceQuality "1"]

1. e4 c5 2. Nf3 e6 3. c4 d6 4. Nc3 Nf6 5. d4 cxd4 6. Nxd4 Nc6 7. Be2 Be7 8. 0-0 0-0 9. Kh1 a6 10. f4 Qc7 11. Be3 Bd7 12. Rc1 Nxd4 13. Bxd4 Bc6 14. Bf3 Rfd8 15. Nd5 Bxd5 16. cxd5 Qa5 17. Qb3 exd5 18. Bb6 Qd2 19. Bxd8 Rxd8 20. Qxb7 Bf8 21. exd5 Qxf4 22. Bh5 Qh4 23. Bxf7+ Kh8 24. Be6 Ne4 25. Rf3 Be7 26. Qxa6 Bf6 27. Rxf6 Qxf6 28. Rc8 Rf8 29. Rxf8+ Qxf8 30. Qc8 1-0